[Event "DV FR-chT"]
[Site "Vladivostok"]
[Date "2007.10.05"]
[Round "7"]
[White "Ataeva, Ilona"]
[Black "Meleshko, Evgeniy"]
[Result "0-1"]
[WhiteElo "2169"]
[BlackElo "2191"]
[PlyCount "54"]
[EventDate "2007.09.29"]
[EventType "team-tourn"]
[EventRounds "7"]
[EventCountry "RUS"]
[SourceTitle "EXT 2022"]
[Source "ChessBase"]
[SourceDate "2021.10.06"]
[SourceVersion "1"]
[SourceVersionDate "2021.10.06"]
[SourceQuality "1"]

1. e4 Nf6 2. Nc3 d5 3. exd5 Nxd5 4. Bc4 Nb6 5. Be2 g6 6. Nf3 Bg7 7. d3 0-0 8. Rb1 Nc6 9. 0-0 h6 10. Be3 Be6 11. a3 Nd5 12. Nxd5 Bxd5 13. Qd2 Kh7 14. h3 e5 15. Nh2 f5 16. f4 exf4 17. Bxf4 g5 18. Be3 f4 19. Bf2 Nd4 20. Bh5 f3 21. Nxf3 Nxf3+ 22. Bxf3 Bxf3 23. gxf3 Rxf3 24. Qa5 Qd7 25. Qb4 Qxh3 26. Qe4+ Kh8 27. Rbe1 Rf4 0-1

[Event "DV FR-chT"]
[Site "Vladivostok"]
[Date "2007.10.04"]
[Round "6"]
[White "Klochko, Robert"]
[Black "Ataeva, Ilona"]
[Result "1/2-1/2"]
[WhiteElo "2307"]
[BlackElo "2169"]
[PlyCount "62"]
[EventDate "2007.09.29"]
[EventType "team-tourn"]
[EventRounds "7"]
[EventCountry "RUS"]
[SourceTitle "EXT 2022"]
[Source "ChessBase"]
[SourceDate "2021.10.06"]
[SourceVersion "1"]
[SourceVersionDate "2021.10.06"]
[SourceQuality "1"]

1. e4 e5 2. Nf3 Nf6 3. Nc3 Nc6 4. d4 exd4 5. Nxd4 d6 6. Bb5 Bd7 7. 0-0 Be7 8. Re1 Nxd4 9. Qxd4 0-0 10. Bg5 h6 11. Bh4 Be6 12. Rad1 Nh7 13. Bxe7 Qxe7 14. Nd5 Qd8 15. Ne3 Qg5 16. Bc4 a6 17. Bd5 Rab8 18. Qc4 Qe7 19. f3 Rfc8 20. Qd4 Qf6 21. Bxe6 fxe6 22. Qc4 Ng5 23. c3 Kh8 24. Kh1 Qf4 25. Qd4 Rf8 26. Qd2 Qh4 27. Rf1 Rf6 28. Nc4 Rbf8 29. Ne3 h5 30. Qe1 Qf4 31. Qe2 Rg6 1/2-1/2

[Event "Primorie-ch (Women)"]
[Site "Vladivostok"]
[Date "2006.??.??"]
[Round "1"]
[White "Ataeva, Ilona"]
[Black "Kozireva, Ksenia"]
[Result "1/2-1/2"]
[WhiteElo "2047"]
[BlackElo "2062"]
[PlyCount "22"]
[EventDate "2006.12.02"]
[EventType "tourn"]
[EventRounds "9"]
[EventCountry "RUS"]
[SourceTitle "EXT 2019"]
[Source "ChessBase"]
[SourceDate "2018.10.10"]
[SourceVersion "1"]
[SourceVersionDate "2018.10.10"]
[SourceQuality "1"]

1. e4 e6 2. d4 d5 3. exd5 exd5 4. Nf3 Nf6 5. Bd3 Bd6 6. 0-0 0-0 7. c3 c6 8. Bg5 Bg4 9. h3 Bh5 10. Nbd2 h6 11. Bh4 Nbd7 1/2-1/2